Statistics for Supernatural Season 4 Quiz

Click here to take the quiz!

General Stats

  • This quiz has been taken 156 times
    (126 since last reset)
  • The average score is 15 of 28

Answer Stats

HintAnswer% Correct
Who gripped Dean tight and raised him from perdition in "Lazarus Rising"?Castiel
100%
What car does Dean tell John to buy in "In the Beginning"?A Black 1967 Chevy Impala
86%
What was Anna?An angel
86%
Is the girl in "Family Remains" a ghost, or is she alive?Alive
83%
What is the name of the girl who can hear angels in "I Know What You Did Last Summer"?Anna Milton
79%
What is Sam addicted to throughout the season?Demon's Blood
78%
Who is John's other son?Adam Milligan
77%
What is Castiel's vessel's name?Jimmy Novak
73%
What is Carver Edlund's real name in "The Monster At The End Of This Book"?Chuck Shurley
68%
Who does Castiel bring with him to destroy an entire town in "It's The Great Pumpkin, Sam Winchester"?Uriel
68%
Who do Sam and Dean kill at the end of "Lucifer Rising"Ruby
67%
In which episode does Dean get infected with a disease that makes him nearly scared to death?"Yellow Fever"
62%
What is Dean's cover in "After School Special"?P.E. Teacher
58%
Finish the quote: "AHHHHHHH! That was ________"Scary
58%
Who put Sam and Dean into an alternate universe where they are called Sam Wesson and Dean Smith?Zachariah
56%
Where do Dean and Bobby lock Sam up in "When The Levee Breaks"?Bobby's Panic Room
51%
What is at the center of people's problems in "Wishful Thinking" ?A wishing well
44%
What episode from this season is entirely in black and white?"Monster Movie"
43%
Finish the quote: "They do know we're ____________"Brothers, right?
42%
Finish the quote: "Sammy, wherever you are, Mom is a babe. _______________"I'm going to Hell. Again.
40%
What job did the three men have in "Criss Angel is a Douchebag"?Magicians
32%
Who is behind the murders in "Sex and Violence"?A Siren
28%
Who died in "Death Takes a Holiday"?Pamela Barnes
26%
Finish the quote: "I wish I couldn't feel anything Sammy. __________________"I wish I couldn't feel a damned thing.
20%
What is the monster in "Metamorphosis"?Rugaru
19%
Finish the quote: "Well boo-hoo, I'm so sorry __________________"Your feelings are hurt, princess!
16%
What is being used to kill angels in "On The Head Of A Pin"?Lucifer's Sword
9%
Who comes back to torture Sam and Dean in "Are You There God, It's Me, Dean Winchester"?Meg and Agent Henriksen
7%

Score Distribution

Percentile by Number Answered

Percent of People with Each Score

Your Score History

You have not taken this quiz since the last reset